000 00900nam a2200205 a 4500
008 120416s1971 ||||||||||||||||| || u
020 _a0435826042
050 _aHN 29 Mos
100 _aMoser, Claus
245 1 0 _aSurvey methods in social investigation
250 _a2nd ed.
260 _aLondon
_bHeinemann Educational
_c[1971(1983)]
300 _axvii, 555p. : ill.
350 _a0.00
650 0 _aSURVEYING
700 _aKalton, G.A
995 _aBINDERY (DAMAGED)
_D0.00
_e707363
_FCBU-MAIN LIBRARY (Kitwe)
_H1
_I0.00
_jHN 29 Mos
_M3
_UDAMAGED
_y018929
_ZMain Library Open Access Collection
995 _aBINDERY (DAMAGED)
_D0.00
_e707364
_FCBU-MAIN LIBRARY (Kitwe)
_H3
_I0.00
_jHN 29 Mos
_M1
_UDAMAGED
_y008891
_ZMain Library Open Access Collection
995 _aANNEX COLLECTION (Main Library)
_D0.00
_e706592
_FCBU-MAIN LIBRARY (Kitwe)
_H2
_I0.00
_jHN 29 Mos
_M2
_UAVAILABLE
_y008892
_ZAnnex Low-Usage Collection
999 _c80842
_d80842